An introduction to systems analysis techniques / (Record no. 5087)
[ view plain ]
| 000 -LEADER | |
|---|---|
| fixed length control field | 01094nac a22002651u 4500 |
| 090 ## - LOCALLY ASSIGNED LC-TYPE CALL NUMBER (OCLC); LOCAL CALL NUMBER (OCLC) | |
| -- | 5087 |
| 008 - FIXED-LENGTH DATA ELEMENTS--GENERAL INFORMATION | |
| fixed length control field | 081120t2002 xxu||||| |||| 00| 0 eng d |
| 010 ## - LIBRARY OF CONGRESS CONTROL NUMBER | |
| LC control number | 2002018945 |
| 020 ## - INTERNATIONAL STANDARD BOOK NUMBER | |
| International Standard Book Number | 0201797135 (pbk.) |
| 035 ## - SYSTEM CONTROL NUMBER | |
| System control number | (DLC) 2002018945 |
| 035 ## - SYSTEM CONTROL NUMBER | |
| System control number | (DLC)132 |
| 082 00 - DEWEY DECIMAL CLASSIFICATION NUMBER | |
| Classification number | 003 |
| Item number | L534 |
| 100 ## - MAIN ENTRY--PERSONAL NAME | |
| Personal name | Lejk, Mark. |
| 245 13 - TITLE STATEMENT | |
| Title | An introduction to systems analysis techniques / |
| Statement of responsibility, etc | Mark Lejk, David Deeks. |
| 250 ## - EDITION STATEMENT | |
| Edition statement | 2nd ed. |
| 260 ## - PUBLICATION, DISTRIBUTION, ETC. (IMPRINT) | |
| Place of publication, distribution, etc | London : |
| Name of publisher, distributor, etc | Addison-Wesley, |
| Date of publication, distribution, etc | c.2002. |
| 300 ## - PHYSICAL DESCRIPTION | |
| Extent | xiii, 294 p. : |
| Other physical details | ill. ; |
| Dimensions | 24 cm. |
| 504 ## - BIBLIOGRAPHY, ETC. NOTE | |
| Bibliography, etc | Includes bibliographical references and index. |
| 650 #0 - SUBJECT ADDED ENTRY--TOPICAL TERM | |
| Topical term or geographic name as entry element | System analysis. |
| 700 1# - ADDED ENTRY--PERSONAL NAME | |
| Personal name | Deeks, David, |
| Titles and other words associated with a name | M. Sc. |
| 942 ## - ADDED ENTRY ELEMENTS (KOHA) | |
| Item type | |
| Call number prefix | 003L534 |
| Source of classification or shelving scheme | Dewey Decimal Classification |
| Withdrawn status | Item status | Damaged status | Not for loan | Home library | Current library | Shelving location | Date acquired | Source of acquisition | Total Checkouts | Total Renewals | Full call number | Barcode | Date last seen | Date last borrowed | Koha item type | Source of classification or shelving scheme |
|---|---|---|---|---|---|---|---|---|---|---|---|---|---|---|---|---|
| Central Library | Central Library | Lower Floor | 07/10/2016 | Purchase | 4 | 1 | 003 LEJ | 000006281 | 15/07/2025 | 16/09/2012 | Book - Borrowing | |||||
| Central Library | Central Library | Lower Floor | 16/10/2007 | Purchase | 1 | 003 LEJ | 000009701 | 15/07/2025 | 25/09/2008 | Book - Borrowing | ||||||
| Central Library | Central Library | Lower Floor | 20/11/2008 | Purchase | 003 LEJ | 000006280 | 15/07/2025 | Book - Borrowing | Dewey Decimal Classification |